Algoritmo de Weyl

שמור ב:
מידע ביבליוגרפי
מחבר ראשי: Iommi Amunátegui, Godofredo Tomás (autor)
פורמט: ספר
שפה:ספרדית
יצא לאור: Valparaíso Universidad Católica de Valparaíso 1987
סדרה:Veinte Algoritmos
נושאים:
תגים: הוספת תג
אין תגיות, היה/י הראשונ/ה לתייג את הרשומה!

MARC

LEADER 00000nam a2200000 a 4500
001 UCM3128
003 CL-VaPUC
008 020628e19870000CL |||||||||||||||||spa|d
082 0 4 |a 511.8  |b IOM  |2 21 
100 |a Iommi Amunátegui, Godofredo Tomás  |e autor  |9 604202 
245 1 0 |a Algoritmo de Weyl 
300 |a 12 p 
942 |c BK 
945 |d 20020628 00:00:00  |a vberengu 
260 |a Valparaíso  |b Universidad Católica de Valparaíso  |c 1987 
500 |a Apuntes de Isabel Margarita Reyes, de las clases dictadas en los Talleres de la Escuela de Arquitectura UCV, durante los años 1978-1983 
600 0 7 |a WEYL, HERMANN  |2 CL-VaPUC  |9 469860 
650 0 |a Algoritmos   |9 260639 
650 0 |a Lógica matemática   |9 262442 
583 |a last modification  |c 20020628 00:00:00  |k Rodrigo Vera 
490 0 |a Veinte Algoritmos 
999 |c 300625  |d 300623 
952 |0 0  |1 0  |4 0  |6 511_800000000000000_IOM_1987  |7 0  |8 R  |9 358625  |a BIBARQ  |b BIBARQ  |d 2019-11-21  |i 3823881  |o 511.8 IOM 1987  |p 3823881  |r 2025-01-20  |w 2019-11-21  |y BK_R  |k ARQ 
952 |0 0  |1 0  |4 0  |6 511_800000000000000_IOM_1987  |7 0  |8 R  |9 358626  |a BIBARQ  |b BIBARQ  |d 2019-11-21  |i 382389K  |o 511.8 IOM 1987  |p 382389K  |r 2025-01-20  |w 2019-11-21  |y BK_R  |k ARQ 
952 |0 0  |1 0  |4 0  |6 511_800000000000000_IOM_1987  |7 0  |8 R  |9 358627  |a BIBARQ  |b BIBARQ  |d 2019-11-21  |i 3823903  |o 511.8 IOM 1987  |p 3823903  |r 2025-01-20  |w 2019-11-21  |y BK_R  |k ARQ 
952 |0 0  |1 0  |4 0  |6 511_800000000000000_IOM_1987  |7 0  |8 R  |9 358628  |a BIBARQ  |b BIBARQ  |d 2019-11-21  |i 3823873  |o 511.8 IOM 1987  |p 3823873  |r 2025-01-20  |w 2019-11-21  |y BK_R  |k ARQ 
952 |0 0  |1 0  |4 0  |6 511_800000000000000_IOM_1987  |7 0  |8 R  |9 358629  |a BIBARQ  |b BIBARQ  |d 2019-11-21  |i 4011368  |o 511.8 IOM 1987  |p 4011368  |r 2025-01-20  |w 2019-11-21  |y BK_R  |k ARQ